The Arabian Nights II : Sindbad and Other Popular Stories /
محفوظ في:
| مؤلفون آخرون: | |
|---|---|
| التنسيق: | كتاب |
| اللغة: | English |
| منشور في: |
London :
David Campbell,
1998.
|
| الموضوعات: | |
| الوسوم: |
إضافة وسم
لا توجد وسوم, كن أول من يضع وسما على هذه التسجيلة!
|
| Thư viện lưu trữ: | Mạng thư viện Đại học Đà Nẵng |
|---|
| LEADER | 00912cam a2200349 i 4500 | ||
|---|---|---|---|
| 001 | 000047326 | ||
| 003 | 6936 | ||
| 005 | 20030409103045.0 | ||
| 008 | 010309|1998 vm 000 eng | ||
| 020 | |a 1857151429 | ||
| 022 | |a T | ||
| 040 | |a IRC |c IRC |d IRC | ||
| 041 | 1 | |a eng | |
| 082 | 1 | 4 | |a 892.7 |b Ar-N |
| 245 | 0 | 4 | |a The Arabian Nights II : |b Sindbad and Other Popular Stories / |c Translated by Husain Haddawy. |
| 260 | |a London : |b David Campbell, |c 1998. | ||
| 300 | |a 266p. ; |c 20.5cm. | ||
| 630 | 0 | 4 | |a Arabic literature. |
| 630 | 0 | 4 | |a Husain Haddawy. |
| 630 | 0 | 4 | |a The Arabian Nights. |
| 650 | 0 | 4 | |a Literature, Arabic. |
| 700 | 1 | |a Haddawy, Husain, |e translated. | |
| OWN | |a DUT | ||
| 999 | |a From the UDN01 | ||
| TYP | |a Monograph | ||
| TYP | |a Printed language | ||
| 980 | |a Mạng thư viện Đại học Đà Nẵng | ||


